<?xml version="1.0" encoding="UTF-8"?><?xml-stylesheet type="text/xsl" href="static/style.xsl"?><OAI-PMH xmlns="http://www.openarchives.org/OAI/2.0/" xmlns:xsi="http://www.w3.org/2001/XMLSchema-instance" xsi:schemaLocation="http://www.openarchives.org/OAI/2.0/ http://www.openarchives.org/OAI/2.0/OAI-PMH.xsd"><responseDate>2026-06-01T04:20:37Z</responseDate><request verb="GetRecord" identifier="oai:riuma.uma.es:10630/20172" metadataPrefix="marc">https://riuma.uma.es/rest/oai/request</request><GetRecord><record><header><identifier>oai:riuma.uma.es:10630/20172</identifier><datestamp>2026-02-03T11:48:14Z</datestamp><setSpec>com_10630_2254</setSpec><setSpec>col_10630_37959</setSpec></header><metadata><record xmlns="http://www.loc.gov/MARC21/slim" xmlns:dcterms="http://purl.org/dc/terms/" xmlns:doc="http://www.lyncode.com/xoai" xmlns:xsi="http://www.w3.org/2001/XMLSchema-instance" xsi:schemaLocation="http://www.loc.gov/MARC21/slim http://www.loc.gov/standards/marcxml/schema/MARC21slim.xsd">
   <leader>00925njm 22002777a 4500</leader>
   <datafield ind2=" " ind1=" " tag="042">
      <subfield code="a">dc</subfield>
   </datafield>
   <datafield ind2=" " ind1=" " tag="720">
      <subfield code="a">Cea-Esteruelas, María Nereida</subfield>
      <subfield code="e">author</subfield>
   </datafield>
   <datafield ind2=" " ind1=" " tag="720">
      <subfield code="a">De-Vicente-Domínguez, Aida María</subfield>
      <subfield code="e">author</subfield>
   </datafield>
   <datafield ind2=" " ind1=" " tag="260">
      <subfield code="c">2020-10-27</subfield>
   </datafield>
   <datafield ind2=" " ind1=" " tag="520">
      <subfield code="a">En este trabajo se presentan los resultados de una investigación de revisión bibliográfica de la literatura académica sobre el uso del pódcast con finalidad educativa. El trabajo sigue un enfoque mixto. El objetivo es evaluar cuantitativamente el estado de la cuestión, a partir del análisis de la producción científica y de los indicadores bibliométricos más relevantes. El estudio se completa con un enfoque cualitativo para detectar tendencias metodológicas y líneas de investigación sobre la materia. Las conclusiones muestran un especial interés por parte de los investigadores del uso del pódcast dentro de entornos de aprendizaje interactivos. Aunque inicialmente se describen en la literatura iniciativas experimentales, tras numerosos casos de éxito mostrados, después de ya más de una década el uso del pódcast es un complemento que aporta elementos motivacionales interesantes y que responde a los hábitos de usos tecnológicos de los jóvenes. Tal y como muestran distintos estudios sobre patrones y hábitos de consumos mediáticos, el uso del formato pódcast está ampliamente implantado especialmente entre los más jóvenes, lo que facilita incorporar esta tecnología a la práctica docente, como un complemento a la distribución de contenidos en otros soportes y plataformas multimedia.</subfield>
   </datafield>
   <datafield ind1="8" ind2=" " tag="024">
      <subfield code="a">https://hdl.handle.net/10630/20172</subfield>
   </datafield>
   <datafield tag="653" ind2=" " ind1=" ">
      <subfield code="a">Sistemas multimedia-Educación</subfield>
   </datafield>
   <datafield tag="653" ind2=" " ind1=" ">
      <subfield code="a">Tecnología educativa</subfield>
   </datafield>
   <datafield tag="653" ind2=" " ind1=" ">
      <subfield code="a">Enseñanza-Innovaciones</subfield>
   </datafield>
   <datafield ind2="0" ind1="0" tag="245">
      <subfield code="a">El uso del podcasting en el aprendizaje: evaluación de usos y experiencias en la literatura académica.</subfield>
   </datafield>
</record>
</metadata></record></GetRecord></OAI-PMH>